[Event "World Youth & Cadets Rapid Championships"]
[Site "Rhodes, Greece"]
[Date "2022.05.01"]
[Round "8.17"]
[White "Gloeckler, Christian"]
[Black "Bogdanov, Artyom"]
[Result "1-0"]
[TimeControl "10'/game & 5\"/move"]
[WhiteElo "1497"]
[BlackElo "1450"]

1. e4 {[%clk 00:10:09]} c6 {[%clk 00:10:10]} 2. d4 {[%clk 00:10:11]} {[%emt
00:00:02]} d5 {[%clk 00:10:14]} {[%emt 00:00:01]} 3. exd5 {[%clk 00:10:15]}
{[%emt 00:00:01]} cxd5 {[%clk 00:10:17]} {[%emt 00:00:01]} 4. Bd3 {[%clk
00:10:19]} {[%emt 00:00:01]} Nc6 {[%clk 00:10:21]} 5. c3 {[%clk 00:10:22]}
{[%emt 00:00:02]} Nf6 {[%clk 00:10:25]} {[%emt 00:00:01]} 6. Bf4 {[%clk
00:10:25]} {[%emt 00:00:02]} Bg4 {[%clk 00:10:29]} {[%emt 00:00:01]} 7. Qb3
{[%clk 00:10:28]} {[%emt 00:00:02]} Qd7 {[%clk 00:10:32]} {[%emt 00:00:02]} 8.
Nd2 {[%clk 00:10:32]} {[%emt 00:00:01]} e6 {[%clk 00:10:36]} 9. Ngf3 {[%clk
00:10:35]} {[%emt 00:00:02]} Bd6 {[%clk 00:10:40]} {[%emt 00:00:01]} 10. Bxd6
{[%clk 00:10:38]} {[%emt 00:00:02]} Qxd6 {[%clk 00:10:44]} {[%emt 00:00:02]} 11.
O-O {[%clk 00:10:41]} {[%emt 00:00:02]} O-O {[%clk 00:10:47]} {[%emt 00:00:02]}
12. Rfe1 {[%clk 00:10:44]} {[%emt 00:00:01]} Nd7 {[%clk 00:10:24]} {[%emt
00:00:27]} 13. Re3 {[%clk 00:10:39]} {[%emt 00:00:11]} a6 {[%clk 00:09:57]} 14.
Rae1 {[%clk 00:10:35]} {[%emt 00:00:40]} Qc7 {[%clk 00:09:20]} {[%emt
00:00:42]} 15. h3 {[%clk 00:10:25]} {[%emt 00:00:16]} Bh5 {[%clk 00:09:22]}
{[%emt 00:00:03]} 16. Qc2 {[%clk 00:10:24]} {[%emt 00:00:05]} Bg6 {[%clk
00:09:21]} {[%emt 00:00:07]} 17. Bxg6 {[%clk 00:10:13]} {[%emt 00:00:15]} hxg6
{[%clk 00:09:24]} {[%emt 00:00:02]} 18. a3 {[%clk 00:10:05]} {[%emt 00:00:14]}
b5 {[%clk 00:09:28]} 19. b4 {[%clk 00:09:36]} {[%emt 00:00:34]} Nb6 {[%clk
00:09:32]} {[%emt 00:00:02]} 20. R3e2 {[%clk 00:08:56]} {[%emt 00:00:44]} Rfc8
{[%clk 00:09:04]} {[%emt 00:00:33]} 21. Nb3 {[%clk 00:08:41]} {[%emt 00:00:21]}
Nc4 {[%clk 00:09:07]} {[%emt 00:00:01]} 22. Ra1 {[%clk 00:07:58]} {[%emt
00:00:48]} a5 {[%clk 00:09:01]} {[%emt 00:00:11]} 23. Qc1 {[%clk 00:07:54]}
{[%emt 00:00:09]} Ra7 {[%clk 00:08:36]} {[%emt 00:00:31]} 24. Rea2 {[%clk
00:05:56]} {[%emt 00:02:03]} Rca8 {[%clk 00:08:39]} {[%emt 00:00:01]} 25. Qb1
{[%clk 00:05:39]} {[%emt 00:00:21]} Nb6 {[%clk 00:07:10]} {[%emt 00:01:35]} 26.
Nc5 {[%clk 00:05:23]} {[%emt 00:00:21]} Nc4 {[%clk 00:05:59]} {[%emt 00:01:16]}
27. g3 {[%clk 00:04:16]} {[%emt 00:01:12]} Nb8 {[%clk 00:05:19]} {[%emt
00:00:45]} 28. Ne1 {[%clk 00:03:53]} {[%emt 00:00:27]} Nd7 {[%clk 00:05:21]}
{[%emt 00:00:04]} 29. Ned3 {[%clk 00:03:53]} {[%emt 00:00:05]} Ndb6 {[%clk
00:05:03]} {[%emt 00:00:23]} 30. Qc2 {[%clk 00:03:16]} {[%emt 00:00:42]} Qb8
{[%clk 00:02:53]} {[%emt 00:02:51]} 31. Qe2 {[%clk 00:02:34]} Qc7 {[%clk
00:02:56]} {[%emt 00:00:33]} 32. f4 {[%clk 00:02:38]} Qb8 {[%clk 00:02:56]} 33.
Kh2 {[%clk 00:02:38]} Qc7 {[%clk 00:02:48]} 34. h4 {[%clk 00:02:38]} Nd6 {[%clk
00:02:48]} {[%emt 00:00:14]} 35. Kg2 {[%clk 00:02:12]} Nd7 {[%clk 00:02:00]}
{[%emt 00:01:24]} 36. g4 {[%clk 00:02:10]} Nxc5 37. Nxc5 {[%clk 00:01:46]} Nc4
{[%clk 00:02:02]} {[%emt 00:00:06]} 38. Kg3 {[%clk 00:01:43]} {[%emt 00:00:07]}
Qd6 {[%clk 00:01:56]} {[%emt 00:00:11]} 39. Kf3 {[%clk 00:01:33]} {[%emt
00:00:15]} Qe7 {[%clk 00:01:50]} {[%emt 00:00:12]} 40. g5 {[%clk 00:01:26]}
{[%emt 00:00:12]} Nd6 {[%clk 00:01:50]} {[%emt 00:00:05]} 41. Kg4 {[%clk
00:01:19]} {[%emt 00:00:12]} Qe8 {[%clk 00:01:48]} {[%emt 00:00:07]} 42. Qf2
{[%clk 00:00:50]} {[%emt 00:00:33]} Qc8 {[%clk 00:01:49]} {[%emt 00:00:04]} 43.
Kf3 {[%clk 00:00:49]} {[%emt 00:00:06]} Nf5 {[%clk 00:01:46]} {[%emt 00:00:08]}
44. Qh2 {[%emt 00:00:13]} Qc6 {[%clk 00:01:43]} 45. Kg4 {[%clk 00:00:43]}
{[%emt 00:00:12]} Qc8 {[%clk 00:01:32]} {[%emt 00:00:16]} 46. Kf3 {[%clk
00:00:45]} {[%emt 00:00:03]} Kf8 {[%clk 00:01:23]} {[%emt 00:00:14]} 47. Qf2
{[%clk 00:00:31]} {[%emt 00:00:18]} Ke7 {[%clk 00:01:26]} {[%emt 00:00:02]} 48.
Qh2 {[%clk 00:00:33]} {[%emt 00:00:03]} Qh8 {[%clk 00:01:30]} {[%emt 00:00:02]}
49. Qe2 {[%clk 00:00:24]} {[%emt 00:00:14]} Qxh4 {[%clk 00:01:27]} {[%emt
00:00:07]} 50. Qh2 {[%clk 00:00:22]} {[%emt 00:00:07]} Qh5+ {[%clk 00:01:21]}
{[%emt 00:00:12]} 51. Qxh5 {[%clk 00:00:25]} {[%emt 00:00:02]} gxh5 {[%clk
00:01:24]} {[%emt 00:00:02]} 52. g6 {[%clk 00:00:25]} {[%emt 00:00:05]} axb4
{[%clk 00:01:16]} {[%emt 00:00:12]} 53. gxf7 Kxf7 {[%clk 00:01:20]} 54. cxb4
{[%clk 00:00:15]} {[%emt 00:00:05]} Nxd4+ {[%clk 00:01:22]} {[%emt 00:00:03]}
55. Ke3 {[%clk 00:00:19]} Nc6 {[%clk 00:01:26]} {[%emt 00:00:02]} 56. Nd3
{[%clk 00:00:21]} {[%emt 00:00:03]} Ke7 {[%clk 00:01:23]} {[%emt 00:00:08]} 57.
Rg1 {[%clk 00:00:19]} {[%emt 00:00:07]} Kd6 {[%clk 00:01:26]} {[%emt 00:00:02]}
58. f5 {[%clk 00:00:15]} {[%emt 00:00:08]} Rxa3 {[%clk 00:01:27]} {[%emt
00:00:04]} 59. Rxa3 {[%clk 00:00:18]} {[%emt 00:00:02]} Rxa3 {[%clk 00:01:31]}
{[%emt 00:00:02]} 60. Kd2 {[%clk 00:00:13]} {[%emt 00:00:10]} exf5 {[%clk
00:01:29]} {[%emt 00:00:07]} 61. Rg6+ {[%clk 00:00:17]} Ke7 {[%clk 00:01:16]}
{[%emt 00:00:17]} 62. Rxc6 {[%clk 00:00:21]} {[%emt 00:00:02]} g5 {[%clk
00:01:13]} {[%emt 00:00:08]} 63. Rg6 {[%clk 00:00:24]} {[%emt 00:00:02]} g4
{[%clk 00:01:11]} {[%emt 00:00:06]} 64. Rg5 {[%clk 00:00:28]} h4 {[%clk
00:01:07]} {[%emt 00:00:10]} 65. Rxf5 {[%clk 00:00:32]} g3 {[%clk 00:01:10]}
{[%emt 00:00:02]} 66. Rg5 {[%clk 00:00:27]} {[%emt 00:00:10]} Kf6 {[%clk
00:01:10]} {[%emt 00:00:06]} 67. Rg4 {[%clk 00:00:30]} {[%emt 00:00:02]} d4
{[%clk 00:01:07]} {[%emt 00:00:07]} 68. Rxh4 {[%clk 00:00:22]} {[%emt
00:00:12]} Kf5 {[%clk 00:00:46]} {[%emt 00:00:26]} 69. Rf4+ {[%clk 00:00:22]}
{[%emt 00:00:06]} Kg5 {[%clk 00:00:45]} {[%emt 00:00:06]} 70. Rf8 {[%clk
00:00:24]} {[%emt 00:00:04]} Ra2+ {[%clk 00:00:44]} {[%emt 00:00:06]} 71. Kd1
{[%clk 00:00:24]} {[%emt 00:00:04]} Kg4 {[%clk 00:00:45]} {[%emt 00:00:04]} 72.
Rg8+ {[%clk 00:00:23]} {[%emt 00:00:06]} Kf3 {[%clk 00:00:38]} {[%emt
00:00:11]} 73. Ne1+ {[%clk 00:00:27]} {[%emt 00:00:02]} Kf2 {[%clk 00:00:20]}
{[%emt 00:00:21]} 74. Rf8+ {[%clk 00:00:30]} {[%emt 00:00:04]} Kg1 {[%clk
00:00:24]} 75. Nf3 {[%clk 00:00:34]} {[%emt 00:00:02]} Kg2 {[%clk 00:00:25]}
{[%emt 00:00:04]} 76. Nxd4 {[%clk 00:00:32]} {[%emt 00:00:07]} Rb2 {[%clk
00:00:22]} {[%emt 00:00:07]} 77. Nc2 {[%clk 00:00:34]} {[%emt 00:00:03]} Kg1
{[%clk 00:00:21]} {[%emt 00:00:06]} 78. Kc1 {[%clk 00:00:28]} {[%emt 00:00:12]}
Rb3 {[%clk 00:00:25]} {[%emt 00:00:01]} 79. Nd4 {[%clk 00:00:28]} {[%emt
00:00:04]} Rc3+ {[%clk 00:00:20]} {[%emt 00:00:10]} 80. Kd2 {[%clk 00:00:32]}
{[%emt 00:00:02]} Rc4 {[%clk 00:00:22]} {[%emt 00:00:03]} 81. Ne2+ {[%clk
00:00:29]} {[%emt 00:00:08]} Kg2 {[%clk 00:00:26]} {[%emt 00:00:01]} 82. Nf4
{[%clk 00:00:28]} {[%emt 00:00:06]} Kg1 {[%clk 00:00:30]} 83. Ne2+ {[%clk
00:00:24]} {[%emt 00:00:09]} Kg2 {[%clk 00:00:33]} {[%emt 00:00:02]} 84. Rf4
{[%clk 00:00:27]} {[%emt 00:00:02]} Rc8 {[%clk 00:00:29]} {[%emt 00:00:10]} 85.
Ke3 {[%clk 00:00:28]} {[%emt 00:00:03]} Re8+ {[%clk 00:00:22]} {[%emt
00:00:12]} 86. Re4 {[%clk 00:00:32]} Ra8 {[%clk 00:00:27]} 87. Nf4+ {[%clk
00:00:33]} {[%emt 00:00:04]} Kf1 {[%clk 00:00:28]} {[%emt 00:00:03]} 88. Kf3
{[%clk 00:00:34]} {[%emt 00:00:05]} Ra3+ {[%clk 00:00:12]} {[%emt 00:00:21]} 89.
Re3 {[%clk 00:00:38]} {[%emt 00:00:01]} Ra4 {[%clk 00:00:14]} {[%emt 00:00:03]}
90. Rd3 {[%clk 00:00:37]} {[%emt 00:00:06]} Ke1 {[%clk 00:00:15]} {[%emt
00:00:04]} 91. Ng2+ {[%clk 00:00:41]} Kf1 {[%clk 00:00:19]} {[%emt 00:00:02]}
92. Rd1# {[%clk 00:00:45]} {[%emt 00:00:01]} 1-0

[Event "World Youth & Cadets Rapid Championships"]
[Site "Rhodes, Greece"]
[Date "2022.05.01"]
[Round "8.18"]
[White "Shevchenko, Yaroslav"]
[Black "Hartlinski, Tomasz"]
[Result "1-0"]
[TimeControl "10'/game & 5\"/move"]
[WhiteElo "1827"]
[BlackElo "1447"]

1. d4 {[%clk 00:10:08]} {[%emt 00:00:02]} Nf6 {[%clk 00:10:06]} {[%emt
00:00:04]} 2. c4 {[%clk 00:10:11]} {[%emt 00:00:02]} g6 {[%clk 00:10:09]}
{[%emt 00:00:02]} 3. Nc3 {[%clk 00:10:14]} {[%emt 00:00:02]} Bg7 {[%clk
00:10:12]} {[%emt 00:00:02]} 4. e4 {[%clk 00:10:17]} {[%emt 00:00:02]} d6
{[%clk 00:10:16]} {[%emt 00:00:02]} 5. Nf3 {[%clk 00:10:19]} {[%emt 00:00:02]}
O-O {[%clk 00:10:17]} {[%emt 00:00:03]} 6. Be2 {[%clk 00:10:23]} {[%emt
00:00:02]} Nbd7 {[%clk 00:10:14]} {[%emt 00:00:09]} 7. O-O {[%clk 00:10:24]}
{[%emt 00:00:02]} e5 {[%clk 00:10:17]} {[%emt 00:00:03]} 8. d5 {[%clk
00:10:27]} {[%emt 00:00:02]} Nc5 {[%clk 00:10:16]} {[%emt 00:00:05]} 9. Qc2
{[%clk 00:10:30]} {[%emt 00:00:02]} a5 {[%clk 00:10:20]} {[%emt 00:00:02]} 10.
Bg5 {[%clk 00:10:33]} {[%emt 00:00:02]} h6 {[%clk 00:10:19]} {[%emt 00:00:07]}
11. Be3 {[%clk 00:10:35]} {[%emt 00:00:02]} Ng4 {[%clk 00:10:08]} {[%emt
00:00:16]} 12. Bxc5 {[%clk 00:10:38]} {[%emt 00:00:02]} dxc5 {[%clk 00:10:11]}
{[%emt 00:00:01]} 13. h3 {[%clk 00:10:42]} {[%emt 00:00:02]} Nf6 {[%clk
00:10:10]} {[%emt 00:00:06]} 14. Nxe5 {[%clk 00:10:45]} {[%emt 00:00:02]} Nxd5
{[%clk 00:09:07]} {[%emt 00:01:08]} 15. cxd5 {[%clk 00:10:49]} {[%emt
00:00:02]} Bxe5 {[%clk 00:09:10]} {[%emt 00:00:02]} 16. f4 {[%clk 00:10:52]}
Bd4+ {[%clk 00:09:14]} {[%emt 00:00:01]} 17. Kh2 {[%clk 00:10:56]} {[%emt
00:00:02]} Qh4 {[%clk 00:08:34]} {[%emt 00:00:44]} 18. Bd3 {[%clk 00:09:54]}
{[%emt 00:01:07]} Be3 {[%clk 00:06:46]} {[%emt 00:01:53]} 19. Ne2 {[%clk
00:09:18]} {[%emt 00:00:40]} Bg4 {[%clk 00:06:18]} {[%emt 00:00:34]} 20. Ng1
{[%clk 00:07:16]} {[%emt 00:02:07]} Bd7 {[%clk 00:05:09]} {[%emt 00:01:13]} 21.
Rf3 {[%clk 00:07:04]} {[%emt 00:00:17]} Bxf4+ {[%clk 00:04:37]} {[%emt
00:00:38]} 22. g3 {[%clk 00:07:05]} {[%emt 00:00:04]} Be5 {[%clk 00:04:37]}
{[%emt 00:00:06]} 23. Qxc5 {[%clk 00:05:42]} {[%emt 00:01:28]} Qh5 {[%clk
00:03:32]} {[%emt 00:01:09]} 24. Kg2 {[%clk 00:05:25]} {[%emt 00:00:22]} Bd6
{[%clk 00:03:12]} {[%emt 00:00:25]} 25. Qc2 {[%clk 00:04:48]} {[%emt 00:00:42]}
Qe5 {[%clk 00:02:22]} {[%emt 00:00:56]} 26. Raf1 {[%clk 00:04:27]} {[%emt
00:00:25]} a4 {[%clk 00:01:16]} {[%emt 00:01:11]} 27. Qc3 {[%clk 00:03:59]}
{[%emt 00:00:33]} a3 {[%clk 00:00:56]} {[%emt 00:00:26]} 28. Qxe5 {[%clk
00:03:58]} {[%emt 00:00:06]} Bxe5 {[%clk 00:00:59]} 29. b3 {[%clk 00:04:00]}
{[%emt 00:00:03]} Rad8 {[%clk 00:00:14]} {[%emt 00:00:51]} 30. R3f2 {[%clk
00:03:29]} {[%emt 00:00:35]} c6 {[%clk 00:00:18]} {[%emt 00:00:01]} 31. Nf3
{[%clk 00:03:30]} {[%emt 00:00:04]} Bg7 {[%clk 00:00:19]} {[%emt 00:00:04]} 32.
Bc4 {[%clk 00:03:23]} {[%emt 00:00:12]} b5 {[%clk 00:00:16]} {[%emt 00:00:09]}
33. Bd3 {[%clk 00:03:03]} {[%emt 00:00:25]} cxd5 {[%clk 00:00:16]} {[%emt
00:00:05]} 34. exd5 {[%clk 00:03:07]} {[%emt 00:00:01]} b4 {[%clk 00:00:16]}
{[%emt 00:00:05]} 35. Rd1 {[%clk 00:03:00]} {[%emt 00:00:11]} Bc8 {[%clk
00:00:17]} {[%emt 00:00:05]} 36. Bc4 {[%clk 00:02:58]} {[%emt 00:00:06]} Rd6
{[%clk 00:00:18]} {[%emt 00:00:04]} 37. Nd2 {[%clk 00:02:52]} {[%emt 00:00:11]}
Bf5 {[%clk 00:00:11]} {[%emt 00:00:12]} 38. g4 {[%clk 00:02:52]} {[%emt
00:00:06]} 1-0

[Event "World Youth & Cadets Rapid Championships"]
[Site "Rhodes, Greece"]
[Date "2022.05.01"]
[Round "8.19"]
[White "Ochedzan, Filip"]
[Black "Mompel Ferruz, Xavier"]
[Result "0-1"]
[TimeControl "10'/game & 5\"/move"]
[WhiteElo "1407"]
[BlackElo "1618"]

1. e4 {[%clk 00:10:09]} {[%emt 00:00:01]} c5 {[%clk 00:10:09]} {[%emt
00:00:01]} 2. Nf3 {[%clk 00:10:11]} {[%emt 00:00:03]} e6 {[%clk 00:10:13]}
{[%emt 00:00:01]} 3. d4 {[%clk 00:10:15]} {[%emt 00:00:02]} cxd4 {[%clk
00:10:15]} {[%emt 00:00:02]} 4. Nxd4 {[%clk 00:10:18]} {[%emt 00:00:02]} a6
{[%clk 00:10:18]} {[%emt 00:00:02]} 5. Bd3 {[%clk 00:10:19]} {[%emt 00:00:04]}
Qc7 {[%clk 00:10:21]} {[%emt 00:00:02]} 6. O-O {[%clk 00:10:18]} {[%emt
00:00:06]} Nf6 {[%clk 00:10:23]} {[%emt 00:00:03]} 7. Qe2 {[%clk 00:10:20]}
{[%emt 00:00:02]} Bd6 {[%clk 00:10:24]} {[%emt 00:00:05]} 8. h3 {[%clk
00:09:26]} {[%emt 00:00:59]} Nc6 {[%clk 00:10:21]} {[%emt 00:00:08]} 9. Nxc6
{[%clk 00:09:28]} {[%emt 00:00:04]} dxc6 {[%clk 00:10:23]} {[%emt 00:00:02]} 10.
c4 {[%clk 00:09:30]} {[%emt 00:00:03]} e5 {[%clk 00:10:19]} {[%emt 00:00:09]}
11. Nc3 {[%clk 00:09:25]} {[%emt 00:00:09]} Be6 {[%clk 00:09:45]} {[%emt
00:00:39]} 12. Be3 {[%clk 00:09:20]} {[%emt 00:00:10]} O-O {[%clk 00:09:27]}
{[%emt 00:00:24]} 13. c5 {[%clk 00:09:11]} {[%emt 00:00:15]} Be7 {[%clk
00:09:30]} {[%emt 00:00:01]} 14. Bc4 {[%clk 00:09:01]} {[%emt 00:00:15]} Bxc4
{[%clk 00:09:32]} {[%emt 00:00:03]} 15. Qxc4 {[%clk 00:09:04]} {[%emt
00:00:02]} Rad8 {[%clk 00:09:19]} {[%emt 00:00:17]} 16. Rad1 {[%clk 00:09:05]}
{[%emt 00:00:05]} Rxd1 {[%clk 00:09:15]} {[%emt 00:00:09]} 17. Rxd1 {[%clk
00:09:08]} {[%emt 00:00:02]} Rd8 {[%clk 00:09:18]} {[%emt 00:00:02]} 18. Rxd8+
{[%clk 00:08:07]} {[%emt 00:01:05]} Qxd8 {[%clk 00:09:21]} {[%emt 00:00:02]} 19.
b4 {[%clk 00:08:08]} {[%emt 00:00:05]} Nh5 {[%clk 00:09:08]} {[%emt 00:00:18]}
20. g3 {[%clk 00:07:51]} {[%emt 00:00:22]} Bg5 {[%clk 00:08:55]} {[%emt
00:00:18]} 21. Bxg5 {[%clk 00:06:40]} {[%emt 00:01:16]} Qxg5 {[%clk 00:08:58]}
{[%emt 00:00:02]} 22. Qd3 {[%clk 00:06:39]} {[%emt 00:00:06]} g6 {[%clk
00:08:22]} {[%emt 00:00:40]} 23. Ne2 {[%clk 00:06:01]} {[%emt 00:00:43]} Nf4
{[%clk 00:07:28]} {[%emt 00:01:00]} 24. Nxf4 {[%clk 00:05:39]} {[%emt
00:00:27]} exf4 {[%clk 00:07:31]} {[%emt 00:00:02]} 25. Qd2 {[%clk 00:05:22]}
{[%emt 00:00:21]} Qe5 {[%clk 00:05:48]} {[%emt 00:01:48]} 26. Qxf4 {[%clk
00:04:58]} {[%emt 00:00:30]} Qa1+ {[%clk 00:05:49]} {[%emt 00:00:05]} 27. Kg2
{[%clk 00:04:52]} {[%emt 00:00:10]} Qxa2 {[%clk 00:05:48]} {[%emt 00:00:06]} 28.
Qb8+ {[%clk 00:03:49]} {[%emt 00:01:08]} Kg7 {[%clk 00:05:52]} {[%emt
00:00:01]} 29. Qxb7 {[%clk 00:03:46]} {[%emt 00:00:08]} Qe6 {[%clk 00:05:49]}
{[%emt 00:00:07]} 30. f3 {[%clk 00:00:16]} {[%emt 00:03:36]} Qa2+ {[%clk
00:05:50]} {[%emt 00:00:04]} 31. Kf1 {[%clk 00:00:20]} {[%emt 00:00:01]} Qb1+
{[%clk 00:05:15]} {[%emt 00:00:40]} 32. Ke2 {[%clk 00:00:22]} {[%emt 00:00:03]}
Qc2+ {[%clk 00:05:12]} {[%emt 00:00:07]} 33. Ke3 {[%clk 00:00:23]} {[%emt
00:00:04]} Qc3+ {[%clk 00:04:53]} {[%emt 00:00:25]} 34. Kf4 {[%clk 00:00:06]}
{[%emt 00:00:22]} g5+ {[%clk 00:03:22]} {[%emt 00:01:35]} 35. Kg4 {[%clk
00:00:06]} {[%emt 00:00:06]} h5+ {[%clk 00:02:17]} {[%emt 00:01:09]} 36. Kxh5
{[%clk 00:00:07]} {[%emt 00:00:05]} Qxf3+ {[%clk 00:02:14]} {[%emt 00:00:08]}
37. Kxg5 {[%clk 00:00:09]} {[%emt 00:00:03]} Qxg3+ {[%clk 00:01:45]} {[%emt
00:00:34]} 38. Kf5 {[%clk 00:00:13]} Qf3+ {[%clk 00:00:58]} {[%emt 00:00:52]}
39. Ke5 {[%clk 00:00:17]} {[%emt 00:00:02]} Qf6# {[%clk 00:00:56]} {[%emt
00:00:06]} 0-1

[Event "World Youth & Cadets Rapid Championships"]
[Site "Rhodes, Greece"]
[Date "2022.05.01"]
[Round "8.20"]
[White "Celik, Ali Alper"]
[Black "Niezhentsev, Kyrylo"]
[Result "0-1"]
[TimeControl "10'/game & 5\"/move"]
[WhiteElo "1371"]
[BlackElo "1803"]

1. d4 {[%clk 00:10:07]} {[%emt 00:00:03]} Nf6 {[%clk 00:10:09]} 2. Bg5 {[%clk
00:10:11]} {[%emt 00:00:01]} c5 {[%clk 00:10:12]} {[%emt 00:00:03]} 3. e3
{[%clk 00:10:08]} {[%emt 00:00:08]} Ne4 {[%clk 00:09:58]} {[%emt 00:00:19]} 4.
Bf4 {[%clk 00:10:09]} {[%emt 00:00:03]} Qb6 {[%clk 00:10:00]} {[%emt 00:00:03]}
5. b3 {[%clk 00:09:32]} {[%emt 00:00:42]} Qb4+ {[%clk 00:09:58]} {[%emt
00:00:08]} 6. Nd2 {[%clk 00:09:26]} {[%emt 00:00:11]} cxd4 {[%clk 00:09:46]}
{[%emt 00:00:17]} 7. exd4 {[%clk 00:09:14]} {[%emt 00:00:17]} Qxd4 {[%clk
00:09:11]} {[%emt 00:00:40]} 8. Be3 {[%clk 00:09:14]} {[%emt 00:00:04]} Qc3
{[%clk 00:08:50]} {[%emt 00:00:27]} 9. Bd3 {[%clk 00:08:44]} {[%emt 00:00:35]}
Nxd2 {[%clk 00:08:41]} {[%emt 00:00:13]} 10. Bxd2 {[%clk 00:08:48]} {[%emt
00:00:02]} Qc7 {[%clk 00:08:23]} {[%emt 00:00:22]} 11. Nf3 {[%clk 00:08:46]}
{[%emt 00:00:06]} e6 {[%clk 00:08:25]} {[%emt 00:00:05]} 12. O-O {[%clk
00:08:48]} {[%emt 00:00:02]} Be7 {[%clk 00:08:19]} {[%emt 00:00:12]} 13. c4
{[%clk 00:08:47]} {[%emt 00:00:06]} Bf6 {[%clk 00:07:56]} {[%emt 00:00:28]} 14.
Rc1 {[%clk 00:08:50]} {[%emt 00:00:02]} Nc6 {[%clk 00:07:59]} {[%emt 00:00:01]}
15. Qe2 {[%clk 00:08:51]} {[%emt 00:00:04]} O-O {[%clk 00:07:29]} {[%emt
00:00:36]} 16. Qe4 {[%clk 00:08:49]} {[%emt 00:00:06]} g6 {[%clk 00:07:33]}
{[%emt 00:00:01]} 17. Bf4 {[%clk 00:08:52]} {[%emt 00:00:03]} Qa5 {[%clk
00:07:12]} {[%emt 00:00:26]} 18. Bd6 {[%clk 00:08:49]} {[%emt 00:00:08]} Be7
{[%clk 00:06:22]} {[%emt 00:00:55]} 19. Bxe7 {[%clk 00:08:43]} {[%emt
00:00:11]} Nxe7 {[%clk 00:06:25]} {[%emt 00:00:02]} 20. Qh4 {[%clk 00:08:46]}
Nf5 {[%clk 00:05:40]} {[%emt 00:00:51]} 21. Bxf5 {[%clk 00:08:43]} {[%emt
00:00:08]} Qxf5 {[%clk 00:05:39]} {[%emt 00:00:05]} 22. Rfd1 {[%clk 00:08:45]}
{[%emt 00:00:03]} d5 {[%clk 00:04:52]} {[%emt 00:00:53]} 23. cxd5 {[%clk
00:08:41]} {[%emt 00:00:09]} exd5 {[%clk 00:04:51]} {[%emt 00:00:06]} 24. Nd4
{[%clk 00:08:44]} Qe5 {[%clk 00:04:08]} {[%emt 00:00:49]} 25. Re1 {[%clk
00:08:43]} {[%emt 00:00:06]} Qg7 {[%clk 00:02:35]} {[%emt 00:01:38]} 26. Rc7
{[%clk 00:08:40]} {[%emt 00:00:07]} g5 {[%clk 00:02:28]} {[%emt 00:00:12]} 27.
Qh5 {[%clk 00:05:39]} {[%emt 00:03:07]} Qxd4 {[%clk 00:02:20]} {[%emt
00:00:12]} 28. h3 {[%clk 00:03:34]} {[%emt 00:02:11]} Bf5 {[%clk 00:00:37]}
{[%emt 00:01:49]} 29. Qxg5+ {[%clk 00:03:21]} {[%emt 00:00:16]} Bg6 {[%clk
00:00:40]} {[%emt 00:00:02]} 30. Rxb7 {[%clk 00:03:25]} {[%emt 00:00:01]} Rae8
{[%clk 00:00:31]} {[%emt 00:00:15]} 31. Ree7 {[%clk 00:03:08]} {[%emt
00:00:21]} Rxe7 {[%clk 00:00:28]} {[%emt 00:00:08]} 32. Qxe7 {[%clk 00:03:12]}
{[%emt 00:00:02]} Qa1+ {[%clk 00:00:10]} {[%emt 00:00:23]} 33. Kh2 {[%clk
00:03:14]} {[%emt 00:00:02]} Qxa2 {[%clk 00:00:11]} {[%emt 00:00:05]} 34. Qd6
{[%clk 00:02:59]} {[%emt 00:00:19]} Qxf2 {[%clk 00:00:09]} {[%emt 00:00:08]} 35.
Qxd5 {[%clk 00:02:57]} {[%emt 00:00:07]} Qf4+ {[%clk 00:00:13]} 36. Kg1 {[%clk
00:02:20]} {[%emt 00:00:41]} Rc8 {[%clk 00:00:15]} {[%emt 00:00:04]} 37. Qf3
{[%clk 00:02:07]} {[%emt 00:00:18]} Rc1+ {[%clk 00:00:14]} {[%emt 00:00:07]} 38.
Kf2 {[%clk 00:02:10]} Qd4+ {[%clk 00:00:14]} {[%emt 00:00:04]} 39. Kg3 {[%clk
00:02:09]} {[%emt 00:00:06]} Rc3 {[%emt 00:00:37]} 0-1